000
00494nam a2200181Ia 4500
008
090124s9999 xx 000 0 und d
082
_b
37738
100
_a
धारप नारायण
245
_a
ग्रहण
250
_a
1
260
_b
दिलीप प्रकाशन
_c
2001
300
_a
191
600
_a
धारप नारायण
630
_a
ग्रहण
700
_a
धारप नारायण
730
_a
ग्रहण
942
_c
BOOK
999
_c
103802
_d
103802